00554 2200205 4500001002100000005001700021008004100038020002200079035002400101040001200125082001400137084002000151100002400171245004100195260002700236300002700263650002500290850001200315990002100327INLIS00000000002455020170116091604.0  a978-979-29-5696-2 0010-011700000000050 aYOPDYOG 223a248.4 aDEP 248.4 Chr T aCHRISTINE BUDIHARJO aTeach me lordc/ Christine Budiharjo aYogyakartabAndic2016 aix, 366 hlm.c; 21 cm. aKehidupan Kerohanian aYOPDYOG aCB-D.11/2016-690